[Event "EU-Cup 18th"]
[Site "Kallithea"]
[Date "2002.09.26"]
[Round "5.3"]
[White "Couso, Luis"]
[Black "Solak, Dragan"]
[Result "0-1"]
[WhiteElo "2345"]
[BlackElo "2515"]
[Annotator "Psakhis,L"]
[PlyCount "64"]
[EventDate "2002.09.22"]
[EventType "team-swiss"]
[EventRounds "7"]
[EventCountry "GRE"]
[SourceTitle "CBM 092"]
[Source "ChessBase"]
[SourceDate "2003.02.06"]
[SourceVersion "1"]
[SourceVersionDate "2003.02.06"]
[SourceQuality "1"]
[WhiteTeam "Sollentuna"]
[BlackTeam "Novi Sad"]
[WhiteTeamCountry "SWE"]
[BlackTeamCountry "YUG"]

1. e4 e6 2. d4 d5 3. Nc3 Bb4 4. e5 c5 5. Qg4 Ne7 6. dxc5 Nbc6 7. Bd2 O-O 8. Bd3
(8. f4 f6 9. Nf3 Bxc5 10. O-O-O a6 11. Qh3 Bd7 12. exf6 Rxf6 13. g4 Qf8 14. Bd3
g6 15. Rdf1 Qg7 16. Ne2 Rff8 17. Kb1 b5 18. Qg3 b4 19. h4 Bd6 20. h5 e5 21.
fxe5 Nxe5 22. Nxe5 Bxe5 {Al Modiahki,M-Dolmatov,S/Dubai op 2000/0-1 (57)}) ({
I would prefer} 8. O-O-O $5 {or}) (8. Nf3 $5) 8... d4 $5 (8... Ng6 9. f4 f5 10.
exf6 e5 11. Qh5 Qxf6 12. Nf3 Bxc3 13. bxc3 Bf5 14. Qxf5 Qxf5 15. Bxf5 Rxf5 16.
fxe5 Ngxe5 17. O-O Nxf3+ 18. Rxf3 Rxf3 19. gxf3 {1/2-1/2 Couso,L-Kindermann,S/
EUR-Cup Halkidiki 2002/ (19)}) 9. Nf3 $146 {Novelty. White's threats on the
king's side looks quite real, but Black has satisfactory defense.} ({Difficult
to believe that White can pretend for advantage ( or even for equal game!)
after} 9. Nb1 {for example} Nxe5 10. Bxh7+ Kxh7 11. Qh5+ Kg8 12. Qxe5 f6 13.
Qh5 Qd5 14. Qxd5 Nxd5 15. Ne2 Bxc5 16. c3 dxc3 17. Nbxc3 Nb4 18. O-O Nd3 19.
Ne4 Bb6 {Moor,R-Masserey,Y/SWZ t-ch 1997/0-1 (59)}) 9... dxc3 10. bxc3 Nxe5 $5
({To similiar kind of positions leads} 10... Bxc5 11. Bxh7+ Kxh7 12. Qh5+ Kg8
13. Ng5 Qxd2+ $1 (13... Bxf2+ $2 14. Kf1 Re8 15. Qh7+ Kf8 16. Qh8+ Ng8 17. Nh7+
Ke7 18. Bg5+ $18) 14. Kxd2 Rd8+ 15. Ke2 Ng6 {with very double-edged game.}) 11.
Bxh7+ (11. Nxe5 Bxc5 12. Qh5 g6 $13) 11... Kxh7 12. Qh5+ Kg8 13. Ng5 Qxd2+ $1 (
13... Re8 $2 14. Qh7+ Kf8 15. Qh8+ Ng8 16. Nh7+ Ke7 17. Bg5+ Nf6 (17... Kd7 18.
O-O-O+) 18. Bxf6+ Kd7 19. Qxg7 Bxc3+ 20. Ke2 Qc7 21. Rad1+ Kc6 22. Rd6+ Kxc5
23. Bxe5 $18) 14. Kxd2 Rd8+ 15. Ke2 Bxc3 {Black has enough material
compensation for the queen} 16. Rhd1 Bd7 {[%cal Rd7b5]} (16... Nd5 $5) 17. Rab1
N7g6 {Although the position is balanced, black seems to have the easier play}
18. Qh7+ (18. g3 $5 Bc6 19. f4 Nc4 20. Rd3 Bf6 21. Qh7+ Kf8 22. Nxe6+ fxe6 23.
Qxg6 $132) 18... Kf8 19. Ne4 ({In the case of} 19. Rxb7 {Black have choice
between draw-} Bb5+ ({and with big complications} 19... Rab8 $5 $132) 20. Rxb5
Nf4+ 21. Ke3 Nxg2+ 22. Ke2 (22. Ke4 $4 f5+ $1 $19) 22... Nf4+ $11) 19... Ba5 $1
(19... Bb5+ 20. Rxb5 Nf4+ $11) 20. f3 ({Worth considering} 20. Ng3 $5 {[%cal
Gg3h5] bringing knight on h5}) 20... Bc6 21. h4 (21. Kf1 Nc4 {[%csl Gc4][%cal
Rc4d2,Rc4e3]}) {Bad surprise for white!} 21... Ng4 $1 22. fxg4 (22. h5 Nf4+ 23.
Kf1 Ne3+ $19) 22... Bxe4 {[%cal Rg6f4]} 23. Ke3 (23. Kf2 $5 Bxc2 24. Rxd8+ Rxd8
25. Rxb7 Bc3 $17 {[%csl Rf2]}) 23... Bxc2 24. h5 (24. Rxd8+ Rxd8 25. Rxb7 Bc3
$1 {[%csl Re3]}) 24... Bxb1 (24... Rxd1 $2 25. Rxd1 Bxd1 26. hxg6 Rd8 27. Qh8+
Ke7 28. Qxg7 Bd2+ 29. Kf2 Rf8 30. Qh7 $1 $16) 25. Rxb1 Ne7 26. Rxb7 (26. h6 $2
Bd2+) 26... Rac8 $19 {Everything became clear - Black has material and
positional advantage and rest is simple.} 27. Kf3 Bd2 28. Qc2 Bg5 29. Rxa7 Nc6
$1 {[%cal Rc6d4]} 30. Rxf7+ $8 (30. Ra4 Rd3+ $5 31. Qxd3 Ne5+ $19) 30... Kxf7
31. Qg6+ Kg8 32. Qxg5 Rd5 (32... Rd5 33. Qc1 Ne5+ 34. Ke2 Rcxc5 35. Qb1 Nxg4
$19) 0-1

[Event "Bundesliga 1978/79 West plof Sol-Porz"]
[Site "Solingen"]
[Date "1979.05.10"]
[Round "1.4"]
[White "Dueball, Juergen"]
[Black "Reefschlaeger, Helmut"]
[Result "0-1"]
[WhiteElo "2455"]
[BlackElo "2370"]
[Annotator "Reefschlaeger,H"]
[PlyCount "78"]
[EventDate "1979.05.10"]
[EventType "team-match"]
[EventRounds "1"]
[EventCountry "GER"]
[SourceTitle "EXT 1999"]
[Source "ChessBase"]
[SourceDate "1998.11.16"]
[SourceVersion "1"]
[SourceVersionDate "1998.11.16"]
[SourceQuality "1"]
[WhiteTeam "Solingen SG"]
[BlackTeam "Porz"]
[WhiteTeamCountry "GER"]
[BlackTeamCountry "GER"]

1. e4 e6 2. d4 d5 3. Nc3 Bb4 4. e5 c5 5. Qg4 Ne7 6. dxc5 Nbc6 7. Nf3 d4 8. a3
Qa5 9. Rb1 {N} dxc3 10. Be3 Nf5 $1 $19 {deckt g7, /\Nxe3,Bxc5} 11. axb4 Nxb4 (
11... Qa2 $143 12. Rd1 cxb2 13. Nd2 {/\Bc4}) 12. Bc4 Nxc2+ 13. Ke2 Ncxe3 14.
fxe3 Qxc5 15. Qe4 Bd7 16. b4 Qb6 $1 17. Rhc1 Rc8 18. Rxc3 Bc6 (18... O-O 19. b5
) 19. Qf4 O-O 20. Rbb3 $2 Ba4 21. Rb1 Rxc4 $1 22. Rxc4 Bb5 23. Nd2 Rc8 24. Ke1
Bxc4 25. Nxc4 Qc6 26. Rd1 Qxg2 27. Rd2 Qg1+ 28. Qf1 Qxf1+ 29. Kxf1 Kf8 30. Nd6
Nxd6 31. exd6 Rd8 32. Ke2 Ke8 33. e4 e5 34. Rd5 f6 35. Kd3 Kd7 36. Kc4 Rc8+ 37.
Kb3 Rc6 38. Ra5 a6 39. b5 Rb6 0-1

[Event "EU-Cup 32nd"]
[Site "Novi Sad"]
[Date "2016.11.09"]
[Round "4.2"]
[White "Dominguez Perez, Leinier"]
[Black "Rapport, Richard"]
[Result "1/2-1/2"]
[WhiteElo "2752"]
[BlackElo "2730"]
[Annotator "Sadorra,J"]
[PlyCount "81"]
[EventDate "2016.11.06"]
[EventType "team-swiss"]
[EventRounds "7"]
[EventCountry "SRB"]
[SourceTitle "CBM 176"]
[Source "ChessBase"]
[SourceDate "2017.01.17"]
[SourceVersion "1"]
[SourceVersionDate "2017.01.17"]
[SourceQuality "1"]
[WhiteTeam "Mednyi Vsadnik"]
[BlackTeam "Sveti Nikolaj Srpski"]
[WhiteTeamCountry "RUS"]
[BlackTeamCountry "SRB"]

1. e4 e6 2. d4 d5 3. Nc3 Bb4 4. e5 c5 5. dxc5 $5 {this rare line can be
dangerous and has the potential to become more popular among GMs.} Ne7 6. Nf3
Nd7 ({The other popular reply is} 6... Nbc6 7. Bd3 Ng6 (7... d4 {leads to more
imbalanced situations} 8. a3 Ba5 9. b4 Nxb4 10. axb4 Bxb4 11. O-O Bxc3 12. Rb1
h6 13. Nd2 $1 $44 {this has been tested many times and practice shows that
White's better placed pieces & kingside attack fully compensate for the pawn.})
) 7. Bd3 (7. a3 Bxc3+ (7... Bxc5 8. Na4 $1 {gives White the B pair.}) 8. bxc3
Nxc5 9. Bd3 {1-0 (71) Borisenko,V (2284)-Vovk,Y (2611) Lviv UKR 2016, and here
Black will be better off to continue with quickly developing the queenside with
} Bd7 10. O-O Rc8 11. Bd2 (11. Bg5 O-O 12. Nd4 f6 $1 13. exf6 gxf6 14. Bh6 Rf7
15. f4 Nxd3 (15... Ne4 16. Qg4+ Kh8 17. Qh5 Qe8 $1 18. c4 Ng8) 16. cxd3 (16.
Qxd3 Kh8 17. Rae1 (17. f5 e5 18. Ne6 Qe8 $17) 17... Ng8 $17) 16... Rxc3 $15 {
and White still has to prove he has enough compensation for the pawn.} 17. Qg4+
(17. Rb1 Qc8 $1) 17... Kh8 18. Qh5 (18. Nxe6 $4 Qb6+) 18... Qe8) (11. Nd4 Qc7
12. f4 O-O $15) (11. Ng5 Nxd3 12. Qxd3 (12. cxd3 Rxc3 13. Qh5 Ng6) 12... Qc7
$17) 11... Ba4 12. Qe2 O-O $11 (12... Qc7 $5)) 7... Nxc5 (7... Nc6 $5 8. Bf4 (
8. O-O Nxc5 (8... Ndxe5 $6 {is risky} 9. Nxe5 Nxe5 10. Bf4 Bxc3 11. bxc3 Nxd3
12. cxd3 O-O 13. Bd6 (13. Qh5 $5) 13... Re8 14. d4 b6 15. f4 $14) 9. Nb5 Nxd3
10. Qxd3 h6 11. c3 Be7 12. Re1 a6 13. Nbd4 {now it's better to keep central
tension on d4 with} Bd7 $5 $146 (13... Nxd4 $6 14. Nxd4 Bc5 15. Qg3 $36 {
1-0 (36) Palkovi,J (2398)-Glavas,D (2221) Opatija 2003}) (13... Qc7 $5) 14. Bf4
(14. Nxc6 bxc6 15. c4 a5 $1 16. b3 a4 $1 $36) 14... O-O 15. a4 {and while it's
objectively equal it looks a bit easier to play White in practice.}) 8... d4 $1
(8... f6 9. exf6 Qxf6 10. Bd2 Bxc5 11. O-O O-O 12. Bg5 Qf7 $11 {0-1 (51)
Borisenko,V (2284)-Omelja,A (2288) Lutsk UKR 2016}) 9. a3 Ba5 10. b4 (10. Bg5
$5 $146 Qc7 11. O-O dxc3 12. b4 Nxb4 13. axb4 Bxb4 14. Nd4 $1 $13 Qxe5 (14...
O-O 15. Nb5 Qxe5 16. Qg4 $44) 15. Nf5 $40) 10... dxc3 11. bxa5 Nxc5 12. O-O $6
(12. Bb5 $1 $146 Qxa5 13. Bxc6+ bxc6 14. Qd6 Nd7 15. O-O (15. Qxc6 Rb8 16. O-O
Bb7 17. Qd6 Qd5 $11) 15... Qc5 16. Qd3 h6 17. Rfd1 O-O 18. Nd4 $14) 12... Nxd3
13. Qxd3 Qxd3 14. cxd3 Nxa5 {0-1 (27) Ferraro,F (2265)-Gamarian,G (2145)
Buenos Aires 1998} (14... Ne7 $142 $5 15. Rfc1 Nd5 16. Be3 Bd7 17. Ng5 O-O 18.
Ne4 Rfc8 19. Nd6 Rc7 20. Rab1 b6 $1 $15)) ({.} 7... Qc7 {seems slow in that it
allows White to develop pressure} 8. O-O Bxc3 9. bxc3 Nxc5 10. c4 $1 Bd7 11.
cxd5 Nxd5 12. Ba3 Nc3 13. Qd2 Qa5 14. Bb2 N5a4 15. Bxc3 (15. Rab1 $5 Nxb2 (
15... b6 16. Bxc3 Nxc3 17. Rb3 Rc8 18. Qg5 O-O $4 19. Bxh7+ $1 Kxh7 20. Qh5+
Kg8 21. Ng5 $18) (15... Bc6 16. Ba3 $1 Nc5 17. Bxc5 Qxc5 18. Rb3 Na4 19. Qg5
$40) 16. Rxb2 b6 17. Qg5 $40) 15... Qxc3 (15... Nxc3 $6 16. Rab1 $1 {
transposes to the line earlier}) 16. Qg5 O-O 17. Qh4 (17. Bxh7+ $2 Kxh7 18.
Qh5+ Kg8 19. Ng5 Qxc2) 17... h6 18. Qe4 $14 {1-0 (69) Zelcic,R (2563)-Bukal,V 
(2407) Sibenik 2006}) 8. O-O Bxc3 (8... Bd7 9. Nb5 Nxd3 10. Qxd3 a6 11. Nbd4 (
11. Nd6+ Bxd6 12. exd6 Nf5 13. Nd4 Bb5 $1 (13... Nxd6 14. Qg3 Qf6 15. Qxd6 Qxd4
16. Re1 $44) 14. Nxb5 axb5 15. Qxb5+ Qd7 16. Qd3 Qxd6 $15) 11... Nc6 (11... O-O
$6 12. Ng5 Ng6 13. h4 $1 (13. Qh3 h6) 13... Be7 14. Re1 Rc8 (14... h6 $2 15.
Ngxe6) 15. c3 $40) 12. Bg5 (12. c4 Ne7 13. Bg5 dxc4 14. Qxc4 Qb6 15. a3 Bc5 16.
Nb3 Rc8 17. Nxc5 Qxc5 18. Qg4 Qc4 $11) 12... Qc7 13. c3 h6 (13... Bc5 $5) 14.
Bf4 Be7 $11 15. Qe3 g5 $5 $13 {0-1 (36) Perpinya Rofes,L (2400)-Firman,N (2526)
Barcelona 2013} (15... O-O 16. Bxh6 gxh6 17. Qxh6 Nxe5 18. Rae1 Ng4 19. Qh3 f5
20. Nxe6 Bxe6 21. Rxe6 Bf6 $15)) 9. bxc3 Bd7 10. Re1 $146 (10. c4 {doesn't
give Black problems} Bc6 11. Be2 dxc4 12. Be3 Qxd1 13. Rfxd1 Na4 14. Bxc4 Nb2
15. Rd4 Nf5 $1 (15... Nxc4 {1/2-1/2 (53) Perpinya Rofes,L (2391)-Libiszewski,F
(2531) Barcelona 2014}) 16. Rf4 Nxc4 17. Rxc4 O-O 18. Nd4 (18. Rc1 Rfc8 19. Nd4
Nxe3 20. fxe3 Bd5 $17) 18... Nxe3 19. fxe3 Bd5 $17) (10. Nd4 {the
natural-looking move} O-O 11. Bg5 Qe8 (11... h6 $5 {although this slightly
weakens the kingside, it gives Black's pieces more freedom to create
counterplay in the center and on the queenside.} 12. Bd2 (12. Bh4) 12... Qc7
13. Re1 (13. f4 $6 Rac8 14. Qf3 Ne4 $1 15. Bxe4 dxe4 16. Qxe4 Rfd8 (16... Nf5
17. Nxf5 exf5 18. Qe3 b6 $15) 17. Rf3 (17. Rab1 b6) (17. g4 Qc5 $1 18. f5 $140
$2 exf5 19. gxf5 Nxf5 20. Rxf5 Bxf5 21. Qxf5 Rxd4) 17... Nf5 $15) 13... Rac8
14. Qg4 Nf5 $1 15. Nxf5 (15. Bxf5 exf5 16. Nxf5 Bxf5 17. Qxf5 Rfe8) (15. Rad1
Rfe8 $1 $11 {useful prophylaxis}) 15... exf5 16. Bxf5 Bxf5 17. Qxf5 Rfe8 18.
Qg4 Ne4 19. Bxh6 Qxe5 20. f3 (20. Bd2 Qf6 $15) 20... Qxc3 $1 21. fxe4 Rxe4 22.
Rxe4 (22. Qxg7+ Qxg7 23. Bxg7 Kxg7 24. Red1 Rxc2 25. Rxd5 Ree2 26. Rg5+ Kh6 27.
Rg8 Rxa2 28. Rf1 Re7 $15) 22... Qxa1+ 23. Kf2 f5 24. Qg6 fxe4 25. Qe6+ Kh7 26.
Qxc8 Kxh6 {and only Black can be better here!}) 12. Re1 (12. Qg4 Ng6 13. Rae1)
12... h6 13. Bd2 Ng6 14. Qh5 f5 15. exf6 (15. c4 $5 dxc4 16. Bxc4 Ne4 17. Qe2
Nxe5 18. Bb3 $36) 15... Rxf6 16. Re3 Qf7 17. Rf3 Nxd3 18. cxd3 e5 19. Rxf6 Qxf6
20. Nf3 Bb5 (20... Bc6 $142 $1 21. d4 (21. Re1 Rf8 22. Re2 d4 23. cxd4 Bxf3 24.
Qxf3 Qxf3 25. gxf3 exd4 26. Re4 Rd8 27. Bb4 Rd5 $15) 21... e4 22. Ne5 Nxe5 23.
dxe5 Qe6 24. Bf4 Rc8 {White can probably hold,}) 21. Re1 Bxd3 22. Nxe5 Nxe5 23.
Qxe5 Qxe5 24. Rxe5 Bc4 $11 {1/2-1/2 (40) Petrosian,D (2394)-Kovtunenko,A (2158)
Moscow 2016}) ({Another normal move is} 10. Be3 Rc8 11. Qb1 b6 12. Qb4 Ng6 13.
a4 O-O 14. a5 Qc7 15. axb6 axb6 16. Bxg6 fxg6 17. c4 (17. Rfb1 b5) 17... dxc4
18. Qxc4 (18. Bxc5 $142 Qxc5 19. Qxc5 Rxc5 20. Rfd1 Bc6 21. Nd4 Bd7 (21... Bd5
22. Ra6) 22. Nf3 $11) 18... Bc6 {½-½ (18) Zelcic,R (2531)-Drasko,M (2486)
Bosnjaci 2005, the game ended in a draw here but Black has every reason to
keep on fighting here} 19. Ng5 (19. Bxc5 Bd5) (19. Nd4 Bd5 20. Qb4 Qxe5 $15 21.
Qxb6 $4 Qe4) 19... Qxe5 20. Rfe1 h6 21. Nh3 Ra8 $1 22. Rab1 Ra4 $36) 10... Rc8
11. Rb1 a6 (11... b6 {is more solid.}) 12. Ba3 b5 13. Nd4 Ng6 14. Re3 (14. Qd2
$5 {may be a better way to continue} Na4 15. Bb4 a5 (15... Ne7 16. Re3 O-O $40
{[%cal Ge3g3,Gg3g7,Ge3h3,Gh3h7]}) 16. Ba3 $1 (16. Bd6 Nxc3 17. Rb3 b4 18. a3 $1
) 16... Nxc3 17. Nxb5 Bxb5 18. Rxb5 $16 {with a decisive attack} (18. Bxb5+
Nxb5 19. Rxb5 $16)) 14... Na4 15. Qf3 Qg5 16. Rbe1 (16. Bb4 $5 {is once again
good. Here is a possible way the game could continue:} Nc5 17. Qd1 $1 Nf4 (
17... O-O 18. Nb3) (17... Nxe5 18. Nf5 $18) 18. g3 Nh3+ (18... Nfxd3 19. cxd3
O-O $2 20. Nf3 $16 (20. Nb3 Na4)) 19. Kf1 h5 20. Qf3 h4 21. Qg2 hxg3 22. Rxg3
$40) 16... Nc5 17. g3 $6 {Dominguez most probably overestimated his
compensation for the pawn.} (17. Bb4 $1 O-O (17... Nf4 18. h4 $1 Qxh4 (18...
Qh6 19. g3 Nfxd3 20. cxd3 $16) 19. g3 Nh3+ 20. Kg2 Qh6 21. Rh1 $18) (17... Nh4
18. Qh3) 18. Nb3 Nxd3 19. cxd3 Rfe8 20. Qd1 $1 $36 {[%cal Ge3g3,Gg3g7]}) 17...
Nxd3 18. cxd3 Rxc3 19. Bb4 Rc8 20. Qg2 Qd8 $1 {Anticipating f4, preparing Ne7
& castling, and planning a4-a5 in the future!} 21. Nb3 $1 (21. f4 a5 $1 22. Bd6
Qb6 23. Qb2 (23. Nb3 a4) 23... b4 24. f5 (24. Kh1 Rc3 $1 25. Nf3 d4 $19) 24...
exf5 25. e6 Bxe6 26. Kh1 Qxd6 27. Nxe6 d4 $1 28. Nxd4+ Kf8 $15) 21... d4 $5 (
21... Qb6 {leads to a roughly balanced position. Black's king is stuck in the
centre but White doesn't have a clear way to open up the game.} 22. d4 Rc4 23.
Bc5 (23. a3) 23... Qd8 24. f4 Ne7 $11) 22. Nxd4 Qb6 23. Qe4 $1 (23. Re4 a5 24.
Bd6 Bc6 25. Nxc6 Qxc6 26. Qf3 Ne7 $11) 23... h5 24. h4 Bc6 25. Nxc6 Qxc6 26.
Qd4 (26. Ra1 $5 $36 {[%cal Ga2a4]}) 26... Qb7 (26... Qd7 27. Qxd7+ (27. Qb6 Rc6
28. Qb8+ Rc8 29. Qb6) 27... Kxd7 28. Rf3 Ke8 29. a4 $1 (29. d4 Ne7 30. Ra3 Rc6
$11) 29... Ne7 30. axb5 axb5 31. Ra1 $44) 27. a4 a5 28. Bxa5 Ne7 29. Qb2 Ra8
30. Bc3 Rxa4 31. Re4 (31. Bb4 Nd5 $11) 31... Rxe4 32. dxe4 (32. Rxe4 O-O 33.
Bb4 Re8 34. Bxe7 Rxe7 35. Rb4 Qf3 $11) 32... O-O {Black has finally brought
his king to safety, after which he has no problems achieving full equality.}
33. Bb4 Rc8 34. Bxe7 Qxe7 35. Qxb5 Qc5 36. Qd7 Rb8 37. Qd6 Rb5 38. Qd8+ Kh7 39.
Qd7 Kg6 40. Qd3 Qxe5 41. Kg2 {And here the players agreed to a draw. Although
Black held in this top-level encounter, one can see that 5. dxc5!? line can
pose problems for Black in the opening and Winawer French players are
well-advised to study and follow the future developments in this line.} 1/2-1/2

[Event "Karaganda"]
[Site "Karaganda"]
[Date "1994.??.??"]
[Round "?"]
[White "Pugachov, Alexey"]
[Black "Shulman, Yuri"]
[Result "0-1"]
[WhiteElo "2470"]
[BlackElo "2425"]
[Annotator "Shulman,Y"]
[PlyCount "50"]
[EventDate "1994.??.??"]
[EventType "tourn"]
[EventRounds "13"]
[EventCountry "KAZ"]
[EventCategory "8"]
[SourceTitle "CBM 043"]
[Source "ChessBase"]
[SourceDate "1994.12.01"]
[SourceVersion "1"]
[SourceVersionDate "1994.12.01"]
[SourceQuality "1"]

1. e4 e6 2. d4 d5 3. Nc3 Bb4 4. e5 c5 5. Bd2 Ne7 6. Nb5 Bxd2+ 7. Qxd2 O-O 8.
dxc5 Nd7 9. Nf3 a6 $1 (9... Nxc5 10. O-O-O $5 (10. Bd3 Nc6 11. O-O f6 12. Rfe1
Bd7 13. c4 Nxe5 $10 {Knox,V-Levitt,J/British ch/1993/}) 10... a6 11. Nbd4 $14)
10. Nd6 (10. Nbd4 Qc7 11. Qe3 Ng6 $15) 10... Nxc5 11. Bd3 Nc6 {/\ Ne5} 12. Nxc8
(12. Qe3 $2 Qa5+ 13. c3 d4 14. Qd2 dxc3 15. bxc3 Nxd3+ 16. Qxd3 Nxe5 $19) 12...
Rxc8 13. O-O f6 14. exf6 (14. Rfe1 f5 $5 {/\ Ne4}) 14... Qxf6 (14... Rxf6 $5 {
/\ Qd6,Rcf8}) 15. c3 e5 16. Bc2 Rcd8 17. Bb3 $6 (17. Rad1 Ne6 $15 {/\ e4,Nf4})
17... e4 18. Ne1 $2 (18. Bxd5+ $2 Kh8 19. Ne1 e3 $1 $19) (18. Nd4 Ne5 $5 (18...
Nxd4 19. cxd4 (19. Qxd4 Qxd4 20. cxd4 Nxb3 21. axb3 Rc8 22. Rfc1 (22. Rac1 $6
Rc6 23. Rxc6 bxc6 24. Rc1 Rb8 25. Rxc6 Rxb3 26. Rxa6 Rxb2 $17) 22... Kf7 $15)
19... Ne6 (19... Nd3 $6 20. Qe3 $13) 20. Rad1 Nf4 $15)) 18... Nxb3 19. axb3 d4
$1 $17 20. cxd4 Qxd4 21. Qe2 Qd5 22. Nc2 Qxb3 23. Qxe4 $6 (23. Ne3 Ne5 $17)
23... Rfe8 24. Ra3 Qb5 25. Qh4 $2 (25. Qf3 Qxb2 26. Qb3+ Qxb3 27. Rxb3 b5 $19)
25... Qxf1+ 0-1

[Event "Olympiad-29"]
[Site "Novi Sad"]
[Date "1990.11.20"]
[Round "4"]
[White "Tomorhuyag, Nyamaa"]
[Black "Uhlmann, Wolfgang"]
[Result "0-1"]
[WhiteElo "2360"]
[BlackElo "2505"]
[Annotator "Uhlmann,W"]
[PlyCount "67"]
[EventDate "1990.11.17"]
[EventType "team-swiss"]
[EventRounds "14"]
[EventCountry "YUG"]
[SourceTitle "TD"]
[Source "ChessBase"]
[SourceDate "1994.03.01"]
[SourceVersion "1"]
[SourceVersionDate "1994.03.01"]
[SourceQuality "1"]
[WhiteTeam "Mongolia"]
[BlackTeam "German Dem Rep"]
[WhiteTeamCountry "MGL"]
[BlackTeamCountry "DDR"]

1. e4 e6 2. d4 d5 3. Nc3 Bb4 4. e5 Ne7 5. Qg4 $6 (5. a3 $142 Bxc3+ 6. bxc3 c5
7. Qg4) 5... c5 6. a3 (6. Qxg7 Rg8 7. Qxh7 cxd4 8. a3 Qa5 $19 9. Rb1 dxc3 10.
axb4 Qa2) 6... Qa5 $1 7. Nge2 (7. axb4 Qxa1 8. Kd1 cxd4 9. Nb5 O-O $1 10. Nc7 (
10. Bd3 Nbc6 11. Nf3 f5 $143 $17) 10... Na6 $1 11. Nxa8 Bd7 $17) 7... cxd4 8.
axb4 (8. Qxd4 $6 Nbc6 9. Qg4 Bxc3+ $1 (9... d4 $143 10. Rb1 $1) 10. bxc3 O-O
$17 {<->c3,e5}) 8... Qxa1 9. Nb5 O-O $1 10. Nc7 Na6 $1 11. Nxa8 Bd7 12. Qg5 $1
Ng6 13. Nxd4 Nxb4 $3 (13... Rxa8 14. Bxa6 Qxa6 15. Qe3 {P f4, f2}) 14. Nc7 Rc8
15. Kd1 $1 (15. Bb5 h6 $1 16. Qd2 Rxc7 17. Bxd7 Rxd7 $17) (15. Ncb5 Nxc2+ 16.
Nxc2 Rxc2 17. Kd1 Rxb2) 15... a6 $1 16. h4 (16. Qd2 Na2 17. Nb3 Qb1 18. Bd3
Nxe5 $19) 16... h6 17. Qd2 Na2 $1 18. Nb3 Qb1 19. Nxa6 (19. Qa5 Nxe5 $1 $19)
19... bxa6 20. Bxa6 Ra8 21. Be2 (21. Bd3 Nxe5 $19) 21... Nxe5 22. Rh3 Nc4 $1
23. Bxc4 (23. Qd4 Nxc1 24. Nxc1 Nxb2+ $19) 23... dxc4 24. Nc5 (24. Qxd7 $2 cxb3
25. Qd2 bxc2+ 26. Qxc2 Rd8+ $19) 24... Be8 $5 (24... Bc6 $142 25. Rg3 Nxc1 26.
Qxh6 Nd3+ 27. Ke2 Qe1#) 25. Rg3 g6 $5 (25... Nxc1 $142 $1 $19) 26. Ne4 Ba4 $1
27. Nc3 $2 (27. Nf6+ Kf8 28. Qxh6+ (28. Qd6+ Kg7 29. Nh5+ Kh7 30. Nf6+ Kh8 31.
Qd2 Bxc2+ 32. Ke1 Qxc1+ 33. Qxc1 Nxc1 34. Kd2 Nd3) 28... Ke7 29. Nd5+ exd5 $19)
(27. Ra3 Nxc1 28. Nc3 $1 Bxc2+ (28... Qxb2 29. Rxa4 Rxa4 30. Nxa4 Qa1 31. Qxc1
Qxa4 32. Qxh6 c3 $17) 29. Ke1 $3 (29. Qxc2 $2 Rd8+ $19) 29... Nd3+ 30. Ke2 Rxa3
31. Nxb1 Ra2 32. Na3 Bb3 33. Qxh6 Rxb2+ 34. Ke3 Rxf2 $17) 27... Bxc2+ $19 28.
Ke2 (28. Qxc2 Rd8+) 28... Nxc1+ 29. Kf3 Qxb2 30. h5 Qb7+ 31. Kg4 Bf5+ 32. Kf4
Qc7+ 33. Ke3 Nb3 34. hxg6 0-1

[Event "SWE-ch"]
[Site "Linkoping"]
[Date "2001.07.12"]
[Round "11"]
[White "Couso, Luis"]
[Black "Karlsson, Lars"]
[Result "0-1"]
[WhiteElo "2324"]
[BlackElo "2476"]
[Annotator "Ziegler,A"]
[PlyCount "76"]
[EventDate "2001.06.30"]
[EventType "tourn"]
[EventRounds "13"]
[EventCountry "SWE"]
[EventCategory "8"]
[SourceTitle "CBM 085"]
[Source "ChessBase"]
[SourceDate "2001.11.13"]
[SourceVersion "1"]
[SourceVersionDate "2001.11.13"]
[SourceQuality "1"]

1. e4 e6 2. d4 d5 3. Nc3 Bb4 4. e5 c5 5. Bd2 {Så kan man också spela i Winawer,
men mot Lasse är nog inte udda varianter den rätta medicinen. Han är ju en
schackets "gatukämpe".} Ne7 6. dxc5 O-O 7. Bd3 (7. Qh5 $5) (7. Qg4 $5) 7... Nd7
8. Qg4 Bxc3 9. Bxc3 Nxc5 10. Bb4 {Förlorar tid.} ({Enklare var
utvecklingsdraget:} 10. Nf3) 10... Qb6 {En smula förvånande väljer Lasse att
spara vits vitfältare.} (10... Nxd3+ 11. cxd3 b6 12. Rc1 Ba6 13. Rc3 Re8 {
Och båda har lika dåliga löpare.}) 11. Nf3 Nc6 12. Bxc5 Qxc5 13. O-O h6 14. a3
f6 15. Rae1 (15. exf6 Rxf6 16. Qg3 {Med en traditionell form av vit press mot
e6-bonden var att föredra.}) 15... f5 16. Qf4 a5 17. h4 Bd7 {[#] Ställningen
är låst och någon spänning finns inte i sikte. Frågan är om inte svart redan
står lite bättre eftersom vit har väldigt svårt att genomföra någon bondestöt
överhuvud taget. Ett tecken på att man står bättre brukar vara att man har mer
möjligheter med sina bönder än motståndaren.} 18. Nd2 Be8 19. Rb1 (19. Rc1 {
Hellre c-linjen för att om möjligt få in c2-c4.}) 19... Qe7 20. Rfe1 g5 21.
hxg5 hxg5 22. Qh2 (22. Qg3 Bh5 23. c4 Rad8 {Är svårbedömt.}) 22... Rf7 {[#]}
23. g4 {Det här ser lite crazy ut.} fxg4 24. Kg2 Rf4 25. Re2 {Vit börjar tveka.
} (25. Qh6 {Hotar Lh7 följt av Dxg5xf4.} Qg7 26. Qxe6+ Bf7 27. Qd6 Rd8 28. Qc7
{Med oklart spel.}) 25... Qg7 26. Rh1 Nd4 27. Re3 Nf5 28. Bxf5 exf5 {Svart är
på väg till c6 och vit måste utrymma diagonalen.} 29. Rc3 (29. Rhe1 Bc6 30. Kg1
{Och svart måste fortfarande vinna partiet själv.}) 29... Bc6 30. Nb3 g3 (30...
d4+ {Ser ut att räcka.} 31. Rxc6 bxc6 {Med lätt vinst.}) 31. Rxg3 d4+ 32. f3 g4
33. Nd2 Re8 34. Kf2 Rxe5 {Det är hur jobbigt som helst att vara vit. Luis är
antagligen i tidsnöd och därför kör Lasse med lite luringar.} 35. Qh4 $2 (35.
Rgg1 $1 Rxf3+ 36. Nxf3 Bxf3 37. Re1 Be4 {Och svart har en fin ställning även
om vit kan kämpa emot med:} 38. Qf4) 35... Re8 36. Qh5 Re7 37. Nc4 $4 Bxf3 38.
Rxf3 Rxf3+ 0-1